Der ägyptische Lautwandel zwischen ‘ und m /

In this article, the Egyptian phonetic change between a and m is considered once again. Research so far has discussed the writing […] for the ’m’’-drug as the only evidence for the phenomenon. Here, the number of examples is successively increased, to which end the work is separated into two parts....

وصف كامل

محفوظ في:

المؤلف الرئيسي: Bojowald, Stefan.

التنسيق: كتاب

اللغة: Undetermined

الوصول للمادة أونلاين: Login to view Source

الوسوم: إضافة وسم

لا توجد وسوم, كن أول من يضع وسما على هذه التسجيلة!

رقم الطلب:

LEADER 00930nam a2200109Ia 4500
008 220712s9999||||xx |||||||||||||| ||und||
100 1 |a Bojowald, Stefan. 
245 1 0 |a Der ägyptische Lautwandel zwischen ‘ und m /  |c Stefan Bojowald. 
520 3 |a In this article, the Egyptian phonetic change between a and m is considered once again. Research so far has discussed the writing […] for the ’m’’-drug as the only evidence for the phenomenon. Here, the number of examples is successively increased, to which end the work is separated into two parts. In the first one, five new writings are introduced, which have been influenced by the phonetic change. In the second part, a number of plays on words is presented, including this phonetic change. 
856 4 |u https://lockwoodonlinejournals.com/index.php/jarce/workflow/access/77 
952 |0 0  |1 0  |4 0  |7 1  |9 42356  |a JARCE  |b JARCE  |d 2022-08-09  |l 0  |r 2022-08-09 00:00:00  |w 2022-08-09  |y PT 
999 |c 49119  |d 49119